000 00558nam a2200169Ia 4500
999 _c64790
_d64790
003 GCL
005 20240530110751.0
008 140319s9999 xx 000 0 ara d
040 _aGCL /
_cGCL
082 0 4 _a683.8 \
_bف م
100 1 _aفاروق سيد حسين
245 1 0 _aاختبار الاجهزة المنزلية /
_cفاروق سيد حسين
490 _aموسوعة الاجهزة المنزلية الالكترونية
_v0
650 0 4 _aالاجهزة الكهربائية
650 0 4 _aالاجهزة المنزلية
942 _2ddc
_cBK